Manual General de Procedimientos para el proceso de la evaluación de Desempeño del Personal Docente de la Secretaría de Estado de Educación Evaluaciones Psicológicas Sistémicas (Record no. 9213)

MARC details
000 -LEADER
campo de control de longitud fija 00546nam a2200145Ia 4500
001 - NÚMERO DE CONTROL
campo de control 956
008 - DATOS DE LONGITUD FIJA--INFORMACIÓN GENERAL
campo de control de longitud fija 241024s9999 xx 000 0 und d
082 ## - NÚMERO DE LA CLASIFICACIÓN DECIMAL DEWEY
Número de clasificación RD/370.71/R426m/2008
100 ## - ENTRADA PRINCIPAL--NOMBRE DE PERSONA
Nombre de persona República Dominicana.Secretaria de Estado de Educación
245 #0 - MENCIÓN DEL TÍTULO
Título Manual General de Procedimientos para el proceso de la evaluación de Desempeño del Personal Docente de la Secretaría de Estado de Educación Evaluaciones Psicológicas Sistémicas
260 ## - PUBLICACIÓN, DISTRIBUCIÓN, ETC.
Nombre del editor, distribuidor, etc. Santo Domingo
Fecha de publicación, distribución, etc. 2008
590 ## - NOTA LOCAL (RLIN)
Nota local si
901 ## - ELEMENTOS DE DATOS A LOCAL LDA (RLIN)
a 13/12/2010 2:05:51 p.m.

No items available.

© 2024. Todos los Derechos Reservados. Desarrollado por IDEICE